Relatos de Gil (Record no. 26835)

MARC details
000 -LEADER
campo de control de longitud fija 00887nac a22002657a 4500
003 - IDENTIFICADOR DE NÚMERO DE CONTROL
campo de control Co-PeBPM
005 - FECHA Y HORA DE LA ÚLTIMA TRANSACCIÓN
campo de control 20240509154007.0
007 - CAMPO FIJO DE DESCRIPCIÓN FÍSICA--INFORMACIÓN GENERAL
campo de control de longitud fija ta
008 - DATOS DE LONGITUD FIJA--INFORMACIÓN GENERAL
campo de control de longitud fija 240509t ck a|||| |||| 00| 0 spa d
040 ## - FUENTE DE CATALOGACIÓN
Centro catalogador/agencia de origen Co-PeBPM
Lengua de catalogación spa
Centro/agencia transcriptor Co-PeBPM
Normas de descripción rda
041 ## - CÓDIGO DE IDIOMA
Código de lengua del texto/banda sonora o título independiente spa
082 04 - NÚMERO DE LA CLASIFICACIÓN DECIMAL DEWEY
Número de clasificación 986.132 J37r
Número de edición 22
100 1# - ENTRADA PRINCIPAL--NOMBRE DE PERSONA
Nombre de persona Jaramillo Montoya, Gilberto
Término indicativo de función/relación autor
245 10 - MENCIÓN DEL TÍTULO
Título Relatos de Gil
Mención de responsabilidad, etc. / Gilberto Jaramillo sMontoya
250 ## - MENCION DE EDICION
Mención de edición segunda edición
260 ## - PUBLICACIÓN, DISTRIBUCIÓN, ETC.
Lugar de publicación, distribución, etc. Pereira, Risaralda
Nombre del editor, distribuidor, etc. : Fondo Editorial del Departamento de Risaralda,
Fecha de publicación, distribución, etc. 1997
300 ## - DESCRIPCIÓN FÍSICA
Extensión 330 páginas
Otras características físicas ilustraciones en blanco y negro
Dimensiones 16 centímetros
490 ## - MENCIÓN DE SERIE
Mención de serie Biblioteca de Escritores Caldenses
500 ## - NOTA GENERAL
Nota general Contiene datos biográficos del autor en la solapa del texto
504 ## - NOTA DE BIBLIOGRAFÍA, ETC.
Nota de bibliografía, etc. Incluye bibliografía
546 ## - NOTA DE IDIOMA
Nota de lengua/lenguaje spa
650 10 - PUNTO DE ACCESO ADICIONAL DE MATERIA--TÉRMINO DE MATERIA
Fuente del encabezamiento o término Lemb
Subdivisión geográfica Risaralda (Colombia) - Historia
942 ## - ELEMENTOS DE ENTRADA SECUNDARIOS (KOHA)
Fuente del sistema de clasificación o colocación Clasificación Decimal Dewey
Tipo de ítem Koha Libros
Suprimir en OPAC No
Holdings
Estatus retirado Estado de pérdida Fuente del sistema de clasificación o colocación Estado de daño No para préstamo Biblioteca de origen Biblioteca actual Fecha de adquisición Fuente de adquisición Total de préstamos Signatura topográfica completa Código de barras Visto por última vez Fecha del último préstamo Copia número Precio de reemplazo Tipo de ítem Koha
    Clasificación Decimal Dewey     BIBLIOTECA PÚBLICA MUNICIPAL RAMON CORREA MEJIA BIBLIOTECA PÚBLICA MUNICIPAL RAMON CORREA MEJIA 24/04/2013 Donación 1 986.132 J37r 46021 07/01/2025 05/06/2024 Ej.1 09/05/2024 Libros
    Clasificación Decimal Dewey     BIBLIOTECA PÚBLICA MUNICIPAL RAMON CORREA MEJIA BIBLIOTECA PÚBLICA MUNICIPAL RAMON CORREA MEJIA 10/07/2007 Donación 1 986.132 J37r 49818 07/01/2025 04/06/2024 Ej.2 09/05/2024 Libros

Powered by Koha